William Faulkner: the sound and the fury

Uloženo v:
Podrobná bibliografie
Hlavní autor: Collins, Carvel (Autor)
Médium: Kniha
Jazyk:angličtina
Vydáno: Washington, D.C Forum editor 1950
Edice:The American novel series, 19
Témata:
Tagy: Přidat tag
Žádné tagy, Buďte první, kdo vytvoří štítek k tomuto záznamu!

MARC

LEADER 00000nam a2200000 a 4500
001 UCX3405
003 CL-VaPUC
008 911104e19500000US |||||||||||||||||eng|d
082 0 4 |a 813.09  |b COL  |2 21 
100 0 |a Collins, Carvel  |e author  |9 319561 
245 1 0 |a William Faulkner: the sound and the fury 
300 |a 7 p 
942 |c BK 
945 |d 19911104 00:00:00 
260 |a Washington, D.C  |b Forum editor  |c 1950 
600 0 7 |a FAULKNER, WILLIAM  |2 CL-VaPUC  |9 313148 
583 |a last modification  |c 19911104 00:00:00  |k Rodrigo Vera 
490 0 |a The American novel series, 19 
999 |c 224174  |d 224172 
952 |0 0  |1 0  |4 0  |6 813_090000000000000_COL_1950  |7 0  |8 A  |9 220637  |a BIBEDU  |b BIBEDU  |d 2019-11-15  |i 2893681  |o 813.09 COL 1950  |p 2893681  |r 2019-11-15  |w 2019-11-15  |y BK  |k LIT